Ο δρόμος για μια σχέση μαγική

Saved in:
Bibliographic Details
Main Author: Παντελή, Σμαρούλα, 1959-
Format: Book
Language:Greek
Published: Αθήνα : Εκδόσεις Μίνωας, 2012.
Series:Αυτοβελτίωση
Subjects:
Tags: Add Tag
No Tags, Be the first to tag this record!

MARC

LEADER 00000cam a2200000 a 4500
001 1/121564
008 200615t2012####gr | ||| |||| ||gre||
020 |a 9789604814213 
040 |a GR-MyUa  |b gre  |c GR-MyUa  |e AACR2 
041 1 |a gre 
082 7 |a 155.2  |2 (23) 
100 1 |a Παντελή, Σμαρούλα,   |d 1959- 
245 0 2 |a Ο δρόμος για μια σχέση μαγική /   |c Σμαρούλα Παντελή.  
260 |a Αθήνα :   |b Εκδόσεις Μίνωας,   |c 2012.  
300 |a 206 σ. ;   |c 21 εκ.  
490 0 |a (Αυτοβελτίωση)  
504 |a Βιβλιογραφία: σ. 205-206.  
650 0 |a Psychology. 
650 0 |a Psychotherapy. 
650 0 |a Psychology and life. 
830 0 |a Αυτοβελτίωση 
852 |a INST  |b SAMOS  |e 20200615  |h 155.2 ΠΑΝ  |p 005300046469  |q 005300046469  |t BK  |y 0 
920 |a Τραγάκη  |b Ζαφειρούλα  |y Σάμος  |z 2019-04 
970 |a Φιλιππή  |b Φάλη  |z 15-06-2020